000 00295nam a22001337a 4500
008 181107b xxu||||| |||| 00| 0 eng d
020 _a9780944502099
041 _aeng
080 _a370
100 _a49
101 _aEDU
245 _aChinese In 10 Minutes DAY
_cJames,p
942 _2udc
_cBK
999 _c52098
_d52098